000 00666nam a2200289Ia 4500
005 20260324142413.0
008 008 260324s9999 xx 000 0 eng d
020 _a9781315002668
037 _aEBOOK
040 _aCRL
040 _beng
040 _cCRL
041 _2eng
041 _aeng
084 _qCRL
100 _aTony Bennett
_91155687
245 4 _aThe Birth of the Museum
245 0 _bHistory, Theory, Politics
260 _bTaylor and Francis
260 _c1995
365 _a
365 _b230
856 _uhttp://www.taylorfrancis.com/books/9781315002668
942 _cEBOOK
999 _c1815966
_d1815966